Companion to literature. Classical y Byzantine, Oriental y African
Gorde:
| Egile nagusia: | |
|---|---|
| Formatua: | Liburua |
| Hizkuntza: | Undetermined |
| Argitaratua: |
Gran Bretaña
Penguin Books
1969
|
| Gaiak: | |
| Etiketak: |
Etiketa erantsi
Etiketarik gabe, Izan zaitez lehena erregistro honi etiketa jartzen!
|
MARC
| LEADER | 00000nam a2200000Ia 4500 | ||
|---|---|---|---|
| 008 | 170316s9999 xx 000 0 und d | ||
| 090 | |a 801 D-14c | ||
| 100 | |a Dudley, D.R. et al. | ||
| 245 | |a Companion to literature. Classical y Byzantine, Oriental y African | ||
| 260 | |a Gran Bretaña | ||
| 260 | |b Penguin Books | ||
| 260 | |c 1969 | ||
| 300 | |a 360 páginas | ||
| 650 | |a TEORÍA LITERARIA | ||
| 650 | |a LITERATURA ESTADOUNIDENSE | ||
| 650 | |a INFLUENCIAS | ||
| 650 | |a LITERATURA | ||
| 999 | |c 20227 |d 20227 | ||
| 040 | |a cru BVZT | ||
| 942 | |c 15 D |h 801 D-14c |2 z | ||
